Anagrammes personnages Disney #1 - Statistiques

Statistiques générales
  • Ce quiz a été pris 1 151 fois
  • Le résultat moyen est 9 sur 20
Statistiques - réponses
Anagrammes Réponses % Correct
TZARNA Tarzan
97%
AINAVA Vaiana
88%
HURLECE Hercule
83%
CHICONIOP Pinocchio
77%
TERPE ANP Peter Pan
76%
GOLIMW Mowgli
71%
LAIDAND Aladdin
63%
ALES Elsa
53%
KICYME Mickey
51%
HUMUS Mushu
46%
PIONCERA Raiponce
44%
PAMABU Pumbaa
41%
POTUL Pluto
40%
CABINA Bianca
19%
RUSLAU Ursula
18%
TANGOS Gaston
12%
NOURB GRIMALAD Bruno Madrigal
11%
LEMPTIS Simplet
11%
PICORENT Porcinet
9%
VIROLE Oliver
7%
Aucun quiz correspondant
Distribution des résultats
% des personnes avec chaque résultat
Percentile par nombre de réponses
Votre historique - résultats
Vous n’avez pas pris ce quiz